Queens and Princesses A-Z - Statistics

General Stats
  • This quiz has been taken 26 times
  • The average score is 14 of 25
Answer Stats
Description Person % Correct
C She overthrew her husband to become a "Great" empress Catherine
100%
D Died in a car crash after being chased by paparazzi in 1997 Diana
100%
I Queen whose marriage to Ferdinand united Spain Isabella I
96%
M Austrian-born Queen of France who met her end by guillotine in 1793 Marie Antoinette
96%
V Name of either the 19th century British monarch or Sweden's crown princess Victoria
92%
H Her marriage to Paris was the most immediate cause of the Trojan War Helen
88%
N Ancient Egyptian queen famed for her iconic limestone bust Nefertiti
88%
A Russian grand duchess who many falsely have claimed to be her Anastasia
79%
B Celtic queen who lead an uprising against the Roman Emipre Boudica
79%
K She won the Oscar for Best Actress in 1955 for "The Country Girl" Grace Kelly
75%
P She saved John Smith from execution Pocahontas
67%
X TV's warrior princess Xena
67%
G She was the co-ruler of Middle Earth's Lothlórien Galadriel
54%
J She wants a whole new world with a street rat Jasmine
54%
Z Fictional princess of Hyrule Zelda
54%
W The only woman to ever rule China as an empress regnant – between 690–705 Wu Zetian
42%
R Queen consort of Jordan; wife to King Abdullah II Rania
38%
L Wife of Augustus, who some consider a conspiratorial mastermind Livia
29%
E She saved her people from Haman's plot Esther
25%
S "Wise" queen who sponsored a translation of the Bible into the Polish language Sophia
25%
T Powerful Byzantine wife of Justinian I, a former actress and prostitute Theodora
25%
F The last queen of Iran – still alive in her late 80s Farah
17%
O The "Queen of Thorns" in the Game of Thrones Olenna Tyrell
13%
U Swedish queen who ruled after her brother's death between 1718–1720 {Ulrika} Eleonora
8%
Y 15th century royal figure who financed Joan of Arc and mentored Charles VII of France {Yolande} of Aragon
0%
No matching quizzes found
Score Distribution
Percent of People with Each Score
Percentile by Number Answered
Your Score History
You have not taken this quiz